Personajes de Masked Singer (España) - Estadísticas

Estadísticas generales
  • Esta prueba ha sido intentada 37 veces
  • La puntuación promedio es 23 de 43
Estadísticas de respuestas
Respuesta % Correcto
Camaleón
82%
Caniche
71%
Catrina
71%
Gorila
68%
Huevo
68%
León
68%
Perro
64%
Cerdita
61%
Cuervo
61%
Gatita
61%
Medusa
61%
Monstruo
61%
Tigre
61%
Bebé
57%
Cactus
57%
Erizo
57%
Pavo Real
57%
Plátano
57%
Unicornio
57%
Menina
54%
Pulpo
54%
Alienígenas
50%
Ángel
50%
Caballito de mar
50%
Cupcake
50%
Flamenco
50%
Girasol
50%
Monstruita
50%
Rana
50%
Ratita
46%
Cocodrilo
43%
Dragona
43%
Gamba
43%
Sirena
43%
Arlequín
39%
Banderilla
39%
Gallo
39%
Gnomo
39%
Faraona
36%
Hada
36%
Mariposa
36%
Esqueleto
32%
Matrioska
32%
No se encontraron pruebas coincidentes
Distribución de puntuación
Porcentaje de gente con cada puntuación
Porcentaje por número respondido
Historial de tus puntuaciones
No has intentado esta prueba.